| 000 | 00859nam a2200241 a 4500 | ||
|---|---|---|---|
| 001 | 000020142 | ||
| 005 | 20200929170303.0 | ||
| 008 | 100722s1949 ag r 001 f spa d | ||
| 040 |
_aDO-SdBNP _bspa _cBNPHU |
||
| 082 |
_a863. _bF973f |
||
| 100 | 1 |
_aFülöp-Miller, René, _d1891-1963 _942716 |
|
| 245 | 1 | 0 |
_aFrancisco, el santo del amor / _cRené Fülöp-Miller ; traducción Rómulo Erba. |
| 260 |
_aBuenos Aires, Argentina : _bEspasa-Calpe, _c1949. |
||
| 300 |
_a165 p. ; _c18 cm. |
||
| 490 | 1 |
_aAustral. Azul : novelas y cuentos en general ; _v930 |
|
| 500 | _aIncluye índice de autores. | ||
| 500 | _aIncluye notas al pie de las páginas. | ||
| 650 | 4 |
_aNovela rumana _933651 |
|
| 650 | 4 |
_aLiteratura rumana _913321 |
|
| 700 | 1 |
_aErba, Rómulo, _etr . _942718 |
|
| 830 | 0 |
_aAustral. Azul : novelas y cuentos en general ; _v930 _922386 |
|
| 049 | _aBNGR | ||
| 999 |
_c19650 _d19650 |
||